Famous People from New Hampshire - Statistics

General Stats
  • This quiz has been taken 913 times
    764 since last reset
  • The average score is 3 of 7
Answer Stats
Clue Hometown Answer % Correct
"The Da Vinci Code" author Exeter Dan Brown
75%
Delights audiences everywhere with movies such as "Jack & Jill" and "Click" Manchester Adam Sandler
65%
Author of "The Catcher in the Rye" who moved to New Hampshire and become a recluse Cornish J. D. Salinger
65%
"Jesus is Magic" comedian and former girlfriend of Jimmy Kimmel Manchester Sarah Silverman
43%
Red Sox catcher who "waved it fair" in Game 6 of the World Series Charlestown Carlton Fisk
29%
Founder of Christian Science Bow Mary Baker Eddy
20%
Inventor of the Segway Bedford Dean Kamen
12%
No matching quizzes found
Score Distribution
Percent of People with Each Score
Percentile by Number Answered
Your Score History
You have not taken this quiz since the last reset